Pracical Guide to Inspection, Testing and Certification of Electrical Installations: (Record no. 13228)
[ view plain ]
| 000 -LEADER | |
|---|---|
| fixed length control field | 00829nam a22001817a 4500 |
| 008 - FIXED-LENGTH DATA ELEMENTS--GENERAL INFORMATION | |
| fixed length control field | 100131s2008 ne|||||r|||| 001 0 eng d |
| 020 ## - INTERNATIONAL STANDARD BOOK NUMBER | |
| International Standard Book Number | 9780750684491 |
| 082 ## - DEWEY DECIMAL CLASSIFICATION NUMBER | |
| Edition number | 22 |
| Classification number | 621.31924 |
| Item number | KIT |
| 100 ## - MAIN ENTRY--PERSONAL NAME | |
| 9 (RLIN) | 10744 |
| Personal name | Kitcher, Christopher |
| 245 ## - TITLE STATEMENT | |
| Title | Pracical Guide to Inspection, Testing and Certification of Electrical Installations: |
| Remainder of title | Conforms to IEE Regulations/BS 7671/Part P of Building Regulations/ |
| Statement of responsibility, etc | Christopher Kitcher |
| 260 ## - PUBLICATION, DISTRIBUTION, ETC. (IMPRINT) | |
| Place of publication, distribution, etc | Amsterdam: |
| Name of publisher, distributor, etc | Elsevier, 2008 |
| Date of publication, distribution, etc | 2008 |
| 300 ## - PHYSICAL DESCRIPTION | |
| Extent | 210 p.: |
| Other physical details | Col. ill.; |
| Dimensions | 25 cm. |
| 500 ## - GENERAL NOTE | |
| General note | Includes index |
| 650 ## - SUBJECT ADDED ENTRY--TOPICAL TERM | |
| 9 (RLIN) | 10742 |
| Topical term or geographic name as entry element | Electric wiring, Interior |
| Form subdivision | --Handbooks, manuals, etc. |
| 710 ## - ADDED ENTRY--CORPORATE NAME | |
| 9 (RLIN) | 10743 |
| Corporate name or jurisdiction name as entry element | Institution of Electrical Engineers |
| 942 ## - ADDED ENTRY ELEMENTS (KOHA) | |
| Source of classification or shelving scheme | Dewey Decimal Classification |
| Item type | Book - Borrowing |
| Withdrawn status | Item status | Source of classification or shelving scheme | Damaged status | Not for loan | Vendor | Home library | Current library | Shelving location | Date acquired | Source of acquisition | Total Checkouts | Full call number | Barcode | Date last seen | Koha item type |
|---|---|---|---|---|---|---|---|---|---|---|---|---|---|---|---|
| Dewey Decimal Classification | Central Library | Central Library | First floor | 31/01/2010 | 621.31924 KIT | 000019498 | 15/07/2025 | Book - Borrowing |